Datum a čas kvízu

38 Celkem bodů Celkový počet nahraných bodů na tomto kvízu bez doplňovacích otázek.
1. Pořadí na kvízu Konečné umístění týmu na tomto kvízu.

Zaznamenané odpovědi

# Otázka Odpověď Body Výsledky
1. Ve kterém středočeském městě s... v Berouně 0
2. Které jméno nesla ponorka, kte... Titan 1
3. Minulý týden byl potvrzen posl... Robin Wright 0
4. Estonský start-up Bolt, který... rozvoz jídel pomocí robotů (samořidících vozítek) 1
5. Čeští reprezentanti Jan Veselý... Barcelona, 20. titul 0
6. V tomto tématu stačí vždy odpo... ANO 1
7. Italský fotbalový klub AC Milá... NE 1
8. Moravská Třebová je město na v... NE 0
9. YouTube je internetový server... NE 1
10. Tolstolobik bílý je sladkovodn... NE 1